Messi ou Ronaldo - Statistiques

Statistiques générales
  • Ce quiz a été pris 242 fois
  • Le résultat moyen est 8 sur 10
Statistiques - réponses
Question Réponse % Correct
Qui a le plus de ballon d'or ?
98%
Qui a remporté une Ligue des Champions avec deux clubs différents ?
97%
Qui a déjà marqué plus de 90 buts sur une année civile ?
96%
Qui a marqué le plus de but ?
95%
Qui détient le record du plus grand nombre de buts en Ligue des Champions ?
94%
Qui a marqué plus de buts sur coup franc en carrière ?
80%
Qui a gagné plus de championnats nationaux dans des pays différents ?
76%
Qui a remporté le Prix Puskás du plus beau but de l’année ?
74%
Qui a été expulsé lors de son tout premier match avec l’équipe nationale ?
63%
Qui est le goat ?
53%
Aucun quiz correspondant
Distribution des résultats
% des personnes avec chaque résultat
Percentile par nombre de réponses
Votre historique - résultats
Vous n’avez pas pris ce quiz